El cántaro de barro / (Record no. 177749)

MARC details
000 -LEADER
campo de control de longitud fija 00949nam a22002655i 4500
001 - NÚMERO DE CONTROL
campo de control 177749
003 - IDENTIFICADOR DE NÚMERO DE CONTROL
campo de control ES-MaACL
005 - FECHA Y HORA DE LA ÚLTIMA TRANSACCIÓN
campo de control 20230906220413.0
008 - DATOS DE LONGITUD FIJA--INFORMACIÓN GENERAL
campo de control de longitud fija 110418s1962 sp |||| | spa d
080 ## - NÚMERO DE LA CLASIFICACIÓN DECIMAL UNIVERSAL
Número de la Clasificación Decimal Universal 821.134.2-31"19"(082.2)
100 1# - ENTRADA PRINCIPAL--NOMBRE DE PERSONA
Nombre de persona González Niza, Sara.
9 (RLIN) 146239
245 13 - MENCIÓN DEL TÍTULO
Título El cántaro de barro /
Mención de responsabilidad, etc. Sara González Niza. Historia de mi pueblo / Francisco Javier Martínez Palacio. Gente que casi vive / José Luis Cañas. Soledad / Jaime Requeijo González.
260 ## - PUBLICACIÓN, DISTRIBUCIÓN, ETC.
Lugar de publicación, distribución, etc. Madrid :
Nombre del editor, distribuidor, etc. Aguilar,
Fecha de publicación, distribución, etc. 1962.
300 ## - DESCRIPCIÓN FÍSICA
Extensión 519 p. ;
Dimensiones 20 cm.
490 1# - MENCIÓN DE SERIE
Mención de serie Nova navis ;
Designación de volumen o secuencia 15
700 0# - ENTRADA AGREGADA--NOMBRE PERSONAL
Nombre de persona Martínez Palacio, Francisco Javier.
9 (RLIN) 146240
700 1# - ENTRADA AGREGADA--NOMBRE PERSONAL
Nombre de persona Cañas Fernández, José Luis.
9 (RLIN) 138739
700 1# - ENTRADA AGREGADA--NOMBRE PERSONAL
Nombre de persona Requeijo, Jaime.
9 (RLIN) 146241
740 02 - ENTRADA AGREGADA--TÍTULO RELACIONADO/ANALÍTICO NO CONTROLADO
Título relacionado o analítico no controlado Historia de mi pueblo.
740 02 - ENTRADA AGREGADA--TÍTULO RELACIONADO/ANALÍTICO NO CONTROLADO
Título relacionado o analítico no controlado Gente que casi vive.
740 02 - ENTRADA AGREGADA--TÍTULO RELACIONADO/ANALÍTICO NO CONTROLADO
Título relacionado o analítico no controlado Soledad.
830 0# - PUNTO DE ACCESO ADICIONAL DE SERIE-TÍTULO UNIFORME
Título uniforme Nova navis ;
Designación de volumen o secuencia 15
9 (RLIN) 190579
852 ## - LOCALIZACIÓN
Ubicación ES-MaACL
Número de control de estantería E-14948
Encuadernación Olim P-259
Holdings
Estatus retirado Estado de pérdida Estado de daño No para préstamo Biblioteca de origen Biblioteca actual Ubicación en estantería Fecha de adquisición Fuente de adquisición Total de préstamos Signatura topográfica completa Código de barras Visto por última vez Precio de reemplazo Tipo de ítem Koha
        Biblioteca del Ateneo de Madrid Biblioteca del Ateneo de Madrid Depósito 2 18/04/2011     E-14948 1186730 23/02/2023 23/02/2023 Libro impreso